000
00238nam a2200097Ia 4500
008
230915s9999 xx 000 0 und d
050
_a
QE.28.2.H65 1978
100
_a
HOLME A.
245
0
_a
HOLMES PRINCIPLE OF PHYSICAL GEOLOGY
942
_c
BK
999
_c
62860
_d
62860